000 01351nam a2200325Ia 4500
001 ebr10348454
003 CaPaEBR
006 m u
007 cr cn|||||||||
008 090511s2009 ctu sb 001 0 eng d
010 _z 2009019345
020 _z9780300145793 (hardcover : alk. paper)
040 _aCaPaEBR
_cCaPaEBR
035 _a(OCoLC)503605657
050 1 4 _aD810.P7
_bA654 2009eb
100 1 _aHerf, Jeffrey,
_d1947-
245 1 0 _aNazi propaganda for the Arab world
_h[electronic resource] /
_cJeffrey Herf.
260 _aNew Haven, CT :
_bYale University Press,
_c2009.
300 _axiii, 335 p.
504 _aIncludes bibliographical references and index.
533 _aElectronic reproduction.
_bPalo Alto, Calif. :
_cebrary,
_d2010.
_nAvailable via World Wide Web.
_nAccess may be limited to ebrary affiliated libraries.
650 0 _aWorld War, 1939-1945
_xPropaganda.
650 0 _aNazi propaganda
_zArab countries
_xHistory
_y20th century.
650 0 _aAntisemitism
_zArab countries
_xHistory
_y20th century.
650 0 _aHolocaust, Jewish (1939-1945)
651 0 _aGermany
_xPolitics and government
_y1933-1945.
655 7 _aElectronic books.
_2local
710 2 _aebrary, Inc.
856 4 0 _uhttp://site.ebrary.com/lib/rucke/Doc?id=10348454
_zAn electronic book accessible through the World Wide Web; click to view
999 _c31622
_d31622